| 000 | 00481nam a22001577a 4500 | ||
|---|---|---|---|
| 005 | 20260225113110.0 | ||
| 008 | 260225b |||||||| |||| 00| 0 eng d | ||
| 020 | _a9780815380559 (pbk) | ||
| 040 | _cPK-LaUMT | ||
| 082 |
_a712.076 _bTEA- |
||
| 245 |
_aTeaching landscape : _bthe stdio experience / _cedited by Karsten Jorgensen . . . ['et al.] |
||
| 260 |
_aLondon : _bRoutledge, _c2020 |
||
| 300 | _a260 p. | ||
| 650 |
_aLandscape design - Study and teaching _99484 |
||
| 942 | _cBK | ||
| 999 |
_c139887 _d139887 |
||